00448nam a2200157 a 450000100100000000500170001000800410002702000150006804000250008308200150010810000190012324500470014226000390018930000280022850000340025600003554520200930074424.0111103s1990 sp a 000 0 spa d a8423408744 aDO-SdBNPbspacBNPHU axxxbH318t1 aHarrison, Tony10aTécnicas de publicidad /cTony Harrison. aMadrid :bEdiciones Deusto,c1990. a242 p. :bil. ;c25 cm. aIncluye índice alfabético